| 000 | 00936cam a2200301 4500 | ||
|---|---|---|---|
| 001 | J97892 | ||
| 008 | 090401t1999 xxu||||| |||| 00| 0 eng d | ||
| 035 | _a(Sirsi) u92579 | ||
| 041 | _aeng | ||
| 050 | _a333.33016 | ||
| 110 |
_aUniversity of York _9539 |
||
| 245 | 4 | _aThe University of York index of private rents and yields. - Third quarter - Fourth quarter 1998. | |
| 260 |
_aYork _bCentre for Housing Policy _c1999 |
||
| 300 | _a2 pt. ; 30cm. | ||
| 350 | _a0 | ||
| 520 | _aPreviously entitled The JFR Index of Private Rents and Yields q.v. | ||
| 650 | _aASSOCIATION OF RESIDENTIAL LETTING AGENTS | ||
| 650 | _aHALIFAX PLC | ||
| 650 | _aPRIVATE SECTOR RENTS | ||
| 650 | _aRENT INDICES | ||
| 650 | _aRENT OFFICER SERVICE | ||
| 650 |
_aRESIDENTIAL PROPERTY _96266 |
||
| 650 | _aUNIVERSITY OF YORK INDEX OF PRIVATE RENTS AND YIELDS | ||
| 650 | _aYIELDS | ||
| 690 | _aHOUSING | ||
| 942 | _n0 | ||
| 948 | _c07/04/1999 | ||
| 999 |
_c97760 _d97760 |
||